<?xml version="1.0" encoding="UTF-8"?>
<record
    xmlns:xsi="http://www.w3.org/2001/XMLSchema-instance"
    xsi:schemaLocation="http://www.loc.gov/MARC21/slim http://www.loc.gov/standards/marcxml/schema/MARC21slim.xsd"
    xmlns="http://www.loc.gov/MARC21/slim">

  <leader>00775nam a22002177a 4500</leader>
  <controlfield tag="008">110919t        mx||||| |||| 00| 0 spa d</controlfield>
  <datafield tag="020" ind1=" " ind2=" ">
    <subfield code="a">9682300177</subfield>
  </datafield>
  <datafield tag="050" ind1="0" ind2="4">
    <subfield code="a">B2430 .F72</subfield>
    <subfield code="b">P35 1991</subfield>
  </datafield>
  <datafield tag="100" ind1="1" ind2=" ">
    <subfield code="a">Foucault, Michel</subfield>
    <subfield code="d">1926-1984</subfield>
  </datafield>
  <datafield tag="245" ind1="1" ind2="4">
    <subfield code="a">Las palabras y las cosas :</subfield>
    <subfield code="b">Una arqueolog&#xED;a de las ciencias humanas /</subfield>
    <subfield code="c">Michel Foucault ; tr. Elsa Cecilia Frost</subfield>
  </datafield>
  <datafield tag="250" ind1=" " ind2=" ">
    <subfield code="a">21 ed.</subfield>
  </datafield>
  <datafield tag="260" ind1=" " ind2=" ">
    <subfield code="a">M&#xE9;xico :</subfield>
    <subfield code="b">Siglo veintiuno, </subfield>
    <subfield code="c">c1991</subfield>
  </datafield>
  <datafield tag="300" ind1=" " ind2=" ">
    <subfield code="a">viii, 375 p. ; </subfield>
    <subfield code="c">21 cm.</subfield>
  </datafield>
  <datafield tag="440" ind1=" " ind2="0">
    <subfield code="a">Teor&#xED;a </subfield>
  </datafield>
  <datafield tag="500" ind1=" " ind2=" ">
    <subfield code="a">Traducci&#xF3;n de : Les mots et les choses, una arch&#xE9;ologie des sciences humaines </subfield>
  </datafield>
  <datafield tag="504" ind1=" " ind2=" ">
    <subfield code="a">Incluye: Bibliograf&#xED;as e &#xED;ndice</subfield>
  </datafield>
  <datafield tag="650" ind1=" " ind2="4">
    <subfield code="a">Aprendizaje</subfield>
    <subfield code="x">Historia</subfield>
  </datafield>
  <datafield tag="650" ind1=" " ind2="4">
    <subfield code="a">An&#xE1;lisis</subfield>
    <subfield code="x">Filosof&#xED;a </subfield>
  </datafield>
  <datafield tag="700" ind1="1" ind2=" ">
    <subfield code="a">Frost, Elsa Cecilia,</subfield>
    <subfield code="q">tr.</subfield>
  </datafield>
  <datafield tag="942" ind1=" " ind2=" ">
    <subfield code="2">lcc</subfield>
    <subfield code="c">LIB</subfield>
  </datafield>
  <datafield tag="999" ind1=" " ind2=" ">
    <subfield code="c">12411</subfield>
    <subfield code="d">12411</subfield>
  </datafield>
  <datafield tag="952" ind1=" " ind2=" ">
    <subfield code="1">0</subfield>
    <subfield code="2">lcc</subfield>
    <subfield code="4">0</subfield>
    <subfield code="7">0</subfield>
    <subfield code="a">LIC-046</subfield>
    <subfield code="b">LIC-046</subfield>
    <subfield code="d">2011-09-19</subfield>
    <subfield code="e">Rec. Esc.</subfield>
    <subfield code="h">LLH000000805</subfield>
    <subfield code="o">B2430 .F72 P35 1991</subfield>
    <subfield code="p">LLH000000805</subfield>
    <subfield code="r">2011-09-19 00:00:00</subfield>
    <subfield code="t">C:1</subfield>
    <subfield code="y">LIB</subfield>
    <subfield code="z">General</subfield>
  </datafield>
  <datafield tag="952" ind1=" " ind2=" ">
    <subfield code="1">0</subfield>
    <subfield code="2">lcc</subfield>
    <subfield code="4">0</subfield>
    <subfield code="7">0</subfield>
    <subfield code="a">LIC-046</subfield>
    <subfield code="b">LIC-046</subfield>
    <subfield code="d">2011-09-19</subfield>
    <subfield code="e">Donaci&#xF3;n</subfield>
    <subfield code="h">LLH000000806</subfield>
    <subfield code="o">B2430 .F72 P35 1991</subfield>
    <subfield code="p">LLH000000806</subfield>
    <subfield code="r">2011-09-19 00:00:00</subfield>
    <subfield code="t">C:2</subfield>
    <subfield code="y">LIB</subfield>
    <subfield code="z">General</subfield>
  </datafield>
  <datafield tag="952" ind1=" " ind2=" ">
    <subfield code="1">0</subfield>
    <subfield code="2">lcc</subfield>
    <subfield code="4">0</subfield>
    <subfield code="7">0</subfield>
    <subfield code="a">LIC-046</subfield>
    <subfield code="b">LIC-046</subfield>
    <subfield code="d">2011-09-19</subfield>
    <subfield code="e">Rec. Esc.</subfield>
    <subfield code="h">LLH000000807</subfield>
    <subfield code="o">B2430 .F72 P35 2004</subfield>
    <subfield code="p">LLH000000807</subfield>
    <subfield code="r">2011-09-19 00:00:00</subfield>
    <subfield code="t">C:3</subfield>
    <subfield code="y">LIB</subfield>
    <subfield code="z">General</subfield>
  </datafield>
  <datafield tag="952" ind1=" " ind2=" ">
    <subfield code="1">0</subfield>
    <subfield code="2">lcc</subfield>
    <subfield code="4">0</subfield>
    <subfield code="7">0</subfield>
    <subfield code="a">LIC-047</subfield>
    <subfield code="b">LIC-047</subfield>
    <subfield code="c">GENERAL</subfield>
    <subfield code="d">2012-10-09</subfield>
    <subfield code="e">Rec. prop.</subfield>
    <subfield code="h">BFP000000876</subfield>
    <subfield code="i">Ciencias de la salud</subfield>
    <subfield code="k">Ciencias de la salud</subfield>
    <subfield code="o">B2430 F69 2001</subfield>
    <subfield code="p">BFP000000876</subfield>
    <subfield code="r">2017-04-25 00:00:00</subfield>
    <subfield code="t">1</subfield>
    <subfield code="y">LIB</subfield>
    <subfield code="z">General</subfield>
  </datafield>
  <datafield tag="952" ind1=" " ind2=" ">
    <subfield code="1">0</subfield>
    <subfield code="2">lcc</subfield>
    <subfield code="4">0</subfield>
    <subfield code="7">0</subfield>
    <subfield code="a">LIC-047</subfield>
    <subfield code="b">LIC-047</subfield>
    <subfield code="c">GENERAL</subfield>
    <subfield code="d">2012-10-09</subfield>
    <subfield code="e">FOMES 2001</subfield>
    <subfield code="h">BFP000000879</subfield>
    <subfield code="i">Ciencias de la salud</subfield>
    <subfield code="k">Ciencias de la salud</subfield>
    <subfield code="o">B2430 F69 2001</subfield>
    <subfield code="p">BFP000000879</subfield>
    <subfield code="r">2012-10-09 00:00:00</subfield>
    <subfield code="t">2</subfield>
    <subfield code="y">LIB</subfield>
    <subfield code="z">General</subfield>
  </datafield>
  <datafield tag="952" ind1=" " ind2=" ">
    <subfield code="1">0</subfield>
    <subfield code="2">lcc</subfield>
    <subfield code="4">0</subfield>
    <subfield code="7">0</subfield>
    <subfield code="a">LIC-047</subfield>
    <subfield code="b">LIC-047</subfield>
    <subfield code="c">GENERAL</subfield>
    <subfield code="d">2012-10-09</subfield>
    <subfield code="e">Rec. prop.</subfield>
    <subfield code="h">BFP000000880</subfield>
    <subfield code="i">Ciencias de la salud</subfield>
    <subfield code="k">Ciencias de la salud</subfield>
    <subfield code="l">2</subfield>
    <subfield code="o">B2430 F69 2001</subfield>
    <subfield code="p">BFP000000880</subfield>
    <subfield code="r">2017-12-15 00:00:00</subfield>
    <subfield code="s">2017-12-07</subfield>
    <subfield code="t">3</subfield>
    <subfield code="y">LIB</subfield>
    <subfield code="z">General</subfield>
  </datafield>
  <datafield tag="952" ind1=" " ind2=" ">
    <subfield code="1">0</subfield>
    <subfield code="2">lcc</subfield>
    <subfield code="4">0</subfield>
    <subfield code="7">0</subfield>
    <subfield code="a">LIC-047</subfield>
    <subfield code="b">LIC-047</subfield>
    <subfield code="c">GENERAL</subfield>
    <subfield code="d">2012-10-09</subfield>
    <subfield code="e">Rec. prop.</subfield>
    <subfield code="h">BFP000000878</subfield>
    <subfield code="i">Ciencias de la salud</subfield>
    <subfield code="k">Ciencias de la salud</subfield>
    <subfield code="o">B2430 F69 2001</subfield>
    <subfield code="p">BFP000000878</subfield>
    <subfield code="r">2012-10-09 00:00:00</subfield>
    <subfield code="t">4</subfield>
    <subfield code="y">LIB</subfield>
    <subfield code="z">General</subfield>
  </datafield>
  <datafield tag="952" ind1=" " ind2=" ">
    <subfield code="1">0</subfield>
    <subfield code="2">lcc</subfield>
    <subfield code="4">0</subfield>
    <subfield code="7">0</subfield>
    <subfield code="a">LIC-047</subfield>
    <subfield code="b">LIC-047</subfield>
    <subfield code="c">GENERAL</subfield>
    <subfield code="d">2012-10-09</subfield>
    <subfield code="e">Rec. prop.</subfield>
    <subfield code="h">BFP000000877</subfield>
    <subfield code="i">Ciencias de la salud</subfield>
    <subfield code="k">Ciencias de la salud</subfield>
    <subfield code="l">1</subfield>
    <subfield code="o">B2430 F69 2001</subfield>
    <subfield code="p">BFP000000877</subfield>
    <subfield code="r">2017-04-27 00:00:00</subfield>
    <subfield code="s">2017-04-25</subfield>
    <subfield code="t">5</subfield>
    <subfield code="y">LIB</subfield>
    <subfield code="z">General</subfield>
  </datafield>
  <datafield tag="952" ind1=" " ind2=" ">
    <subfield code="1">0</subfield>
    <subfield code="2">lcc</subfield>
    <subfield code="4">0</subfield>
    <subfield code="7">0</subfield>
    <subfield code="a">LIC-047</subfield>
    <subfield code="b">LIC-047</subfield>
    <subfield code="c">GENERAL</subfield>
    <subfield code="d">2017-09-20</subfield>
    <subfield code="e">DON</subfield>
    <subfield code="f">2a.</subfield>
    <subfield code="h">BFP000012163</subfield>
    <subfield code="i">CS</subfield>
    <subfield code="k">CS</subfield>
    <subfield code="l">2</subfield>
    <subfield code="o">B2430.F72  F69 2015</subfield>
    <subfield code="p">BFP000012163</subfield>
    <subfield code="r">2025-10-16 14:44:55</subfield>
    <subfield code="s">2025-09-25</subfield>
    <subfield code="t">6</subfield>
    <subfield code="y">LIB</subfield>
  </datafield>
</record>
